|
|
|
|
| LEADER |
00674cam a2200193 7i4500 |
| 001 |
0000010402 |
| 005 |
20200602090000.0 |
| 020 |
|
|
|a 9241562390
|
| 090 |
0 |
0 |
|a RA644.H38
|b C66 2003
|
| 245 |
0 |
0 |
|a Controlling disease due to helminth infection
|c edited by D.W.T. Crompton ... [et al.].
|
| 260 |
|
|
|a Geneva:
|b World Health Organization,
|c 2003.
|
| 300 |
|
|
|a xv, 248 p.:
|b ill.;
|c 24 cm.
|
| 504 |
|
|
|a Includes bibliographical references
|
| 650 |
0 |
0 |
|a World health
|
| 650 |
0 |
0 |
|a Helminthiasis --
|x Chemotherapy
|
| 650 |
0 |
0 |
|a Helminthiasis --
|x Prevention
|
| 700 |
1 |
|
|a Crompton, D. W. T
|
| 997 |
|
|
|a Health Sciences, Faculty
|
| 999 |
|
|
|a 0000016385
|b BOK
|c OPEN SHELF
|e 1st Floor, Shah Alam
|